000 00745nam a22002177a 4500
003 UA-OsUOA
001 112864
007 ta
008 20150804b un ||||| |||| 00| 0 ukr d
100 _aГаргушенко О.М.
090 _a330(477)
_bГ20
942 _cSA
040 _aUA-OsUOA
_bukr
_cUA-OsUOA
_dUA-OsUOA
245 _aПерспективи застосування в Україні зворотного механізму нарахування зобов'язань з податку на додану вартість
300 _aС.81-92
955 _a0
041 _aukr
080 _a330(477)
773 0 _w112858
_tФінанси України
_dК.
_d2015
_g5
650 7 _a330 Економіка взагалі
_2UDC
999 _c399286
_d399286